Cargando...

BIOCHEMICAL METHODS

Detalles Bibliográficos
Autor Principal: SADASIVAN S AND MANICKAM A
Formato: Printed Book
Publicado: DELHI NEW AGE 2008
Edición:3
Subjects:
LEADER 00540nam a2200181 4500
020 |a 8122421407  |c 195 
082 |a 572 SAD 
100 |a SADASIVAN S AND MANICKAM A 
245 |a BIOCHEMICAL METHODS  |h ENGLISH 
250 |a 3 
260 |a DELHI  |b NEW AGE  |c 2008 
300 |a 270  |f PB 
500 |a   
590 |d   
650 |a BIOCHEMICAL METHODS 
942 |c BK 
999 |c 122752  |d 122752 
952 |0 0  |1 0  |4 0  |6 572_000000000000000_SAD  |7 0  |9 136214  |a CHE  |b CHE  |g 195.00  |l 0  |o 572 SAD  |p CHE4080  |r 2019-10-15  |w 2019-10-15  |y BK